00450cam a22001451 45000410008000000820015000081000014000232450044000372600093000813000016001744900049001906500022002397000024002617000019002851 aeng a276.2bCHA1 a Charles,14aThe chronicle of John, Bishop of Nikiu, aLondon,aOxford,bPub. for the Text and Translation Society by William & Norgate,c1916. axii, 216 p.0 aText and Translation Society. [Publications] 0aHistory, Ancient.1 aZotenberg, Hermann,1 aCharles, R. H.